Kiến trúc : Tiêu chuẩn và cái đẹp /
Kỹ thuật xây dựng và tiêu chuẩn; Xây dựng không cần bản vẽ; Kích thước. môđun, con người; Cái đẹp và sự đánh giá định lượng.
Shranjeno v:
| Glavni avtor: | |
|---|---|
| Drugi avtorji: | |
| Format: | Knjiga |
| Jezik: | Vietnamese Russian |
| Izdano: |
Hà Nội :
Xây dựng,
2003.
|
| Izdaja: | Tái bản. |
| Teme: | |
| Oznake: |
Označite
Brez oznak, prvi označite!
|
| Thư viện lưu trữ: | Mạng thư viện Đại học Đà Nẵng |
|---|
| LEADER | 02125cam a2200445 a 4500 | ||
|---|---|---|---|
| 001 | 000044396 | ||
| 003 | 2770 | ||
| 005 | 20230616145056.0 | ||
| 008 | 010314b2003 vm 000 vie | ||
| 020 | |c 24000 | ||
| 040 | |a LRCC |b LRCC |d LRCC | ||
| 041 | 1 | |a vie |h rus | |
| 082 | 1 | 4 | |a 720.1 |b AC-C |
| 100 | 1 | |a Achix, A. | |
| 245 | 1 | 0 | |a Kiến trúc : |b Tiêu chuẩn và cái đẹp / |c A.Achix ; Bùi Vạn Trân dịch từ nguyên bản tiếng Nga. |
| 250 | |a Tái bản. | ||
| 264 | 1 | |a Hà Nội : |b Xây dựng, |c 2003. | |
| 300 | |a 198 tr. : |b mh. ; |c 21 cm. | ||
| 520 | 3 | |a Kỹ thuật xây dựng và tiêu chuẩn; Xây dựng không cần bản vẽ; Kích thước. môđun, con người; Cái đẹp và sự đánh giá định lượng. | |
| 526 | 0 | |a Kiến trúc | |
| 630 | 0 | 4 | |a Xây dựng. |
| 630 | 0 | 4 | |a Tiêu chuẩn. |
| 650 | 0 | 4 | |a Kiến trúc. |
| 700 | 1 | |a Bùi Vạn Trân, |e dịch. | |
| 910 | |a DNTUAN | ||
| 911 | |a DUT | ||
| OWN | |a DUT | ||
| AVA | |a UDN50 |b DUT |c Book |d 720.1 AC-C |e available |t Error 5001 Not defined in file expand_doc_bib_avail. |f 10 |g 0 |h N |i 1 |j SH |k 1 | ||
| Z40 | 3 | |y Kiến trúc - Tiêu chuẩn và Cái đẹp |l Library of DUT |t VIEW |x http://catalog.udn.vn:80/F?func=service&doc_library=UDN01&local_base=UDN01&doc_number=000044396&sequence=000001&line_number=0001&func_code=DB_RECORDS&service_type=MEDIA |f 7.SA.44396.Kientruc-TieuchuanCaidep_000026159.pdf |e pdf |s 061158652 |k 20230616 |m DNTUAN | |
| 999 | |a From the UDN01 | ||
| AVA | |a UDN50 |b DUT |c Book |d 720.1 AC-C |e available |t Error 5001 Not defined in file expand_doc_bib_avail. |f 10 |g 0 |h N |i 1 |j SH |k 1 | ||
| TYP | |a Monograph | ||
| TYP | |a Printed language | ||
| 856 | |y Kiến trúc - Tiêu chuẩn và Cái đẹp |l Library of DUT |t VIEW |x http://catalog.udn.vn:80/F?func=service&doc_library=UDN01&local_base=UDN01&doc_number=000044396&sequence=000001&line_number=0001&func_code=DB_RECORDS&service_type=MEDIA |f 7.SA.44396.Kientruc-TieuchuanCaidep_000026159.pdf |e pdf |s 061158652 |k 20230616 |m DNTUAN | ||
| 980 | |a Mạng thư viện Đại học Đà Nẵng | ||